|
|
|
|
| LEADER |
00000nam a22000007a 4500 |
| 005 |
20160526145935.0 |
| 007 |
cr|||| ||u| |
| 008 |
160526s2015 sp ||||| |||| 00||0 spa d |
| 020 |
|
|
|a 978-84-9085-514-0
|
| 035 |
|
|
|a 14272
|
| 040 |
|
|
|a vLex
|
| 090 |
|
|
|c 6157
|d 6157
|
| 100 |
1 |
|
|a Pedro Ron Latas, Ricardo
|
| 245 |
1 |
3 |
|a La Independencia Judicial
|h [Recurso electrn̤ic] /
|c Ricardo Pedro Ron Latas
|
| 256 |
|
|
|a Servicio en ln̕ea
|
| 260 |
|
|
|a Madrid
|b Dykinson
|c 2015
|
| 300 |
|
|
|a 1 recurso electrn̤ico
|
| 506 |
1 |
|
|a Contenido solo disponible en los productos indicados
|d vLex Global
|d vLex Global (Academic Edition, excluding Law Schools)
|d vLex Global (U.S. Academic Edition, Law Schools)
|d vLex Global (U.S. Academic Edition, excluding Law Schools)
|d vLex Global (Academic Edition, Law Schools)
|
| 650 |
0 |
4 |
|a Derecho
|z Madrid
|
| 700 |
1 |
|
|a Lousada Arochena, Jos ̌Fernando
|
| 740 |
0 |
|
|a vLex libros (servicio en ln̕ea)
|
| 856 |
4 |
0 |
|u http://vlex.com/source/independencia-judicial-14272
|z Acceso restringido
|
| 942 |
|
|
|c BOOK
|
| 999 |
0 |
|
|a Law
|b Madrid
|